000 01141nam a2200289 i 4500
001 12207
003 KOSZ 005
005 20200630132826.0
008 070616s1969 pl a f 001 0 pol
015 _aPB 1970/424
040 _aWA N
_cKOSZ 005/RW
_dKOSZ 005/RW
080 _a301(081):572
100 1 _aKrzywicki, Ludwik
_d(1859-1941).
_eAutor
245 1 0 _aPrace antropologiczne :
_bludy, rasy fizyczne, rasy psychiczne /
_cLudwik Krzywicki ; [red. Henryka Hołda-Róziewicz] ; Polska Akademia Nauk.
260 _aWarszawa :
_bPaństwowe Wydawnictwo Naukowe,
_c1969.
300 _a638, [1] s. :
_bil., err. ;
_c25 cm.
380 _aKsiążki.
490 1 _aDzieła / Ludwik Krzywicki ;
_vt. 7.
504 _aBibliogr. s. [628]-629. Indeks.
650 4 _aRasy ludzkie.
650 4 _aAntropologia
700 1 _aHołda-Róziewicz, Henryka.
_eRedakcja
710 2 _aPaństwowe Wydawnictwo Naukowe
_4pbl.
800 1 _aKrzywicki, Ludwik
_d(1859-1941).
_tDzieła ;
_vt. 7.
856 _uhttp://koha.tu.koszalin.pl/cgi-bin/koha/opac-detail.pl?biblionumber=12207
_yKatalog online BPK
942 _2UKD
_cKS
999 _c12207
_d12207